Score 0/34 Timer 04:00
0 Plays Today
Clue 4-Letter Word % Correct
Pronged eating utensilFORK
97.1%
* Meat used in NC barbeque *PORK
95.1%
Dog's vocalizationBARK
92.7%
VomitPUKE
92.1%
Fee for a cab rideFARE
92%
Free of contamination; unmixed with other matterPURE
90.8%
Low vibratory murmur typical of a contented catPURR
90.7%
* Blue Devils *DUKE
90.5%
Small tablet of medicinePILL
90.2%
Hill of sand built by wind or water flowDUNE
90.1%
NakedBARE
90.1%
Outer layer of an orange or bananaPEEL
89.4%
* Pink ___ , Mars ___ , or Chapel ___ *HILL
88.9%
Corridor or passageway in a buildingHALL
87.6%
* NASCAR's Earnhardt Sr. or Jr. *DALE
85.2%
*A US president born in NC *POLK
85%
Some federal college grantsPELL
84.5%
Clue 4-Letter Word % Correct
Denizen of DenmarkDANE
84.5%
Drew Curtis' news and community commentary websiteFARK
83.6%
An opening or hollow place in somethingHOLE
83.3%
To challenge to action as proof of courage, or an Eastern NC countyDARE
81.8%
* Macon, Fisher, or Bragg, e.g. *FORT
81.6%
Avenue, street, etc.LANE
81.1%
Free of infirmity; robustHALE
80%
* NC's first female US Senator Elizabeth (2003-2009) *DOLE
79%
* Tar ___ *HEEL
78.6%
* Wilmington is the ___ City *PORT
78.2%
Manufactured products; goods, often a suffixWARE
70.2%
* US Senator Richard from NC (2005-) *BURR
65.6%
* The* Chatham County courthouse did this in 2010 *BURN
62.4%
* Raleigh's county, or the Demon Deacons *WAKE
58%
* Norman, Waccamaw, or Junaluska, e.g. *LAKE
56.3%
* NC's first capital, New ____ *BERN
47.2%
American Jazz musician DickBERK
44.5%

Today's Daily Dose

Remove Ads.
Support Sporcle.
Get the best of Sporcle when you Go Orange. This ad-free experience offers more features, more stats, and more fun while also helping to support Sporcle. Thank you for becoming a member.

You're not logged in!

Compare scores with friends on all Sporcle quizzes.
OR
Log In

Show Comments

Extras

Top Quizzes Today


Score Distribution

Your Account Isn't Verified!

In order to create a playlist on Sporcle, you need to verify the email address you used during registration. Go to your Sporcle Settings to finish the process.

Report this User

Report this user for behavior that violates our Community Guidelines.

Details: